[Event "JUG Ch"]
[Site "Borovo"]
[Date "1981.??.??"]
[Round "5"]
[White "Nikolic, Predrag"]
[Black "Klaric, Zlatko"]
[Result "1-0"]
[WhiteElo "2515"]
[BlackElo "2465"]
[PlyCount "72"]
[EventDate "1981.03.??"]
[Source "www.chesslib.no"]
[SourceDate "2004.05.04"]

1. d4 d5 2. c4 Bf5 3. Nc3 e6 4. Nf3 Nf6 5. Bg5 c6 6. Qb3 Qb6 7. c5 Qc7 8. e3 Nbd7 9. Bf4 Qc8 10. h3 h6 11. Qd1 Be7 12. Bd3 Bxd3 13. Qxd3 b6 14. cxb6 axb6 15. O-O c5 16. dxc5 bxc5 17. e4 d4 18. Nb5 O-O 19. Nd2 e5 20. Bh2 Qb7 21. a4 c4 22. Nxc4 Nc5 23. Qf3 Rxa4 24. Nbd6 Bxd6 25. Nxd6 Qb6 26. Rxa4 Nxa4 27. Bxe5 Nd7 28. Bf4 Nxb2 29. e5 d3 30. Qg3 Kh8 31. Rb1 Qa5 32. Nf5 Rg8 33. Qh4 Nxe5 34. Bxe5 Qxe5 35. Nxh6 g5 36. Nxf7+ Kg7 1-0

[Event "Balatonbereny"]
[Site "Balatonbereny"]
[Date "1995.??.??"]
[Round "1"]
[White "Nikolaidis, Ioannis"]
[Black "Schlindwein, Rolf"]
[Result "1-0"]
[WhiteElo "2540"]
[BlackElo "2440"]
[PlyCount "97"]
[EventDate "1995.08.??"]
[Source "ChessBase"]

1. d4 d5 2. c4 Bf5 3. cxd5 Bxb1 4. Qa4+ c6 5. Rxb1 Qxd5 6. Nf3 Nd7 7. a3 Ngf6 8. Qc2 e6 9. e3 c5 10. Bc4 Qc6 11. O-O Rc8 12. b3 Be7 13. Bb2 O-O 14. Ne5 Qc7 15. Nxd7 Nxd7 16. d5 exd5 17. Bxd5 Bf6 18. a4 Bxb2 19. Qxb2 b6 20. Rbd1 Nf6 21. Bc4 Rcd8 22. g3 Qc6 23. Qe2 h6 24. Rfe1 Nd5 25. Qf3 Nb4 26. Bxf7+ Kh8 27. Qxc6 Nxc6 28. Bc4 Ne5 29. Be2 g5 30. f4 Nc6 31. Kf2 Kg7 32. Bc4 Kf6 33. Ke2 h5 34. Rxd8 Rxd8 35. Rd1 Rxd1 36. Kxd1 h4 37. Ke2 Na5 38. e4 hxg3 39. hxg3 gxf4 40. gxf4 a6 41. e5+ Kg6 42. Kf3 b5 43. axb5 axb5 44. Bxb5 Nxb3 45. Bd3+ Kg7 46. Ke4 Nd4 47. f5 Kf8 48. Kd5 Nf3 49. Bc4 1-0

[Event "Rome"]
[Site "Rome"]
[Date "1981.??.??"]
[Round "?"]
[White "Tatai, Stefano"]
[Black "Makropoulos, Georgios"]
[Result "1-0"]
[WhiteElo "2495"]
[BlackElo "2485"]
[PlyCount "45"]
[EventDate "1981.02.??"]
[Source "ChessBase"]

1. d4 d5 2. c4 Bf5 3. cxd5 Bxb1 4. Qa4+ c6 5. dxc6 Nxc6 6. Rxb1 e5 7. Bd2 exd4 8. g3 Bc5 9. Bg2 Nge7 10. Nf3 O-O 11. b4 Bb6 12. b5 Na5 13. O-O a6 14. Rfd1 axb5 15. Qxb5 Bc7 16. Nxd4 Nac6 17. Bc3 Qc8 18. Qxb7 Nxd4 19. Bxd4 Rb8 20. Qxc8 Rfxc8 21. Bc5 Ng6 22. Ba7 Rxb1 23. Rxb1 1-0

[Event "XXII Open"]
[Site "Parla ESP"]
[Date "2007.09.04"]
[Round "4"]
[White "Kononenko, T."]
[Black "Epishin, V."]
[Result "1/2-1/2"]
[WhiteElo "2393"]
[BlackElo "2587"]
[PlyCount "40"]
[EventDate "2007.09.01"]
[Source "www.chesslib.no"]
[SourceDate "2004.05.04"]

1. d4 d5 2. c4 Bf5 3. cxd5 Bxb1 4. Rxb1 Qxd5 5. a3 Nc6 6. e3 e5 7. dxe5 Qxd1+ 8. Kxd1 Nxe5 9. Nf3 Bd6 10. Nxe5 Bxe5 11. Bd3 Ne7 12. Ke2 O-O 13. Bd2 a5 14. Be4 Rfb8 15. b4 axb4 16. Bxb4 Nc8 17. f4 Bd6 18. Rhc1 Ra7 19. Kf3 b6 20. Bc6 Ne7 1/2-1/2

[Event "RUS-Cup01 Chigorin mem"]
[Site "St Petersburg"]
[Date "1997.11.07"]
[Round "7"]
[White "Aseev, Konstantin N"]
[Black "Skatchkov, Pavel"]
[Result "0-1"]
[WhiteElo "2545"]
[BlackElo "2435"]
[PlyCount "74"]
[EventDate "1997.11.01"]
[Source "www.chesslib.no"]
[SourceDate "2004.05.04"]

1. d4 d5 2. c4 Bf5 3. cxd5 Bxb1 4. Qa4+ c6 5. Rxb1 Qxd5 6. Nf3 Nd7 7. e3 e6 8. b4 Ngf6 9. Qc2 Bd6 10. Bd3 Qh5 11. e4 e5 12. b5 Rc8 13. bxc6 Rxc6 14. Qe2 O-O 15. Bd2 Re8 16. Rxb7 Rb6 17. Rxb6 axb6 18. d5 Nc5 19. Bb1 Nfd7 20. h3 f5 21. exf5 Nf6 22. Ng5 Qh4 23. O-O Nxd5 24. Be4 Nxe4 25. Nxe4 Be7 26. Qc4 Rd8 27. Bg5 Bxg5 28. Rd1 b5 29. Qe2 Be7 30. g3 Qxh3 31. Qxb5 Qg4 32. Rxd5 Rc8 33. Qb3 Kh8 34. Nc3 Qf3 35. Nd1 Qe2 36. Qd3 Qxa2 37. Kg2 Qa8 0-1

[Event "BL2-S 9293"]
[Site "GER"]
[Date "1993.??.??"]
[Round "?"]
[White "Klebel, Martin"]
[Black "Rausis, Igors"]
[Result "1-0"]
[WhiteElo "2410"]
[BlackElo "2560"]
[PlyCount "87"]
[EventDate "1992.10.??"]
[Source "www.chesslib.no"]
[SourceDate "2004.05.04"]

1. d4 d5 2. c4 Bf5 3. Nc3 e6 4. cxd5 exd5 5. Qb3 Nc6 6. Nf3 Nf6 7. Bg5 Qd6 8. e3 O-O-O 9. a3 Na5 10. Qa4 Qb6 11. b4 Nc6 12. Bb5 h6 13. Bh4 g5 14. Bg3 g4 15. Ne5 Nxe5 16. Bxe5 Bg7 17. Rc1 Kb8 18. Nxd5 Rxd5 19. Bxc7+ Qxc7 20. Rxc7 Kxc7 21. Bc4 Kb8 22. Bxd5 Nxd5 23. Qb3 Be6 24. e4 Nf6 25. Qd3 Bd7 26. O-O a6 27. Qg3+ Ka8 28. Qf4 Bb5 29. Rc1 Nd7 30. e5 h5 31. Qxf7 Bxe5 32. dxe5 Nxe5 33. Qf5 Nc6 34. Rd1 Be2 35. Rd7 g3 36. hxg3 Bg4 37. Qf6 Re8 38. Rc7 Re6 39. Qf8+ Ka7 40. f3 Re1+ 41. Kf2 Rc1 42. fxg4 Rc2+ 43. Kg1 Rc1+ 44. Kh2 1-0

[Event "Anapa"]
[Site "Anapa"]
[Date "1991.??.??"]
[Round "?"]
[White "Ruban, Vadim"]
[Black "Chatalbashev, Boris"]
[Result "1-0"]
[WhiteElo "2575"]
[BlackElo "2390"]
[PlyCount "49"]
[EventDate "1991.??.??"]
[Source "www.chesslib.no"]
[SourceDate "2004.05.04"]

1. d4 d5 2. c4 Bf5 3. cxd5 Bxb1 4. Qa4+ c6 5. Rxb1 Qxd5 6. Nf3 Nd7 7. Bd2 Ngf6 8. e3 Nb6 9. Qa5 Nc4 10. Qxd5 cxd5 11. Bxc4 dxc4 12. Ke2 e6 13. a4 Bd6 14. Rhc1 Nd7 15. Ra1 e5 16. dxe5 Nxe5 17. Nxe5 Bxe5 18. Rxc4 Ke7 19. Re4 Kf6 20. f4 Bd6 21. Bc3+ Kf5 22. Kf3 f6 23. Rd1 Rad8 24. g4+ Kg6 25. Red4 1-0

[Event "Troll Masters"]
[Site "Gausdal NOR"]
[Date "1993.??.??"]
[Round "8"]
[White "Blees, Albert"]
[Black "Rausis, Igors"]
[Result "1-0"]
[WhiteElo "2405"]
[BlackElo "2560"]
[PlyCount "107"]
[EventDate "1993.01.??"]
[Source "www.chesslib.no"]
[SourceDate "2004.05.04"]

1. d4 d5 2. c4 Bf5 3. cxd5 Bxb1 4. Qa4+ c6 5. Rxb1 Qxd5 6. Nf3 Nd7 7. a3 Ngf6 8. e3 Qe4 9. Ra1 e5 10. Qc4 exd4 11. Qxd4 Qxd4 12. Nxd4 Bc5 13. Nf5 g6 14. b4 gxf5 15. bxc5 Nxc5 16. Bb2 Ke7 17. a4 Rhd8 18. Ba3 Nfd7 19. Bd3 Kf6 20. Bc2 b6 21. Ke2 Ne5 22. Rhd1 Rd5 23. Rd4 Rad8 24. Rad1 Rxd4 25. exd4 Nc4 26. dxc5 Re8+ 27. Kf3 Nxa3 28. Bb3 bxc5 29. Rd6+ Ke5 30. Rxc6 Kd4 31. Bxf7 Re7 32. Be6 c4 33. Bxf5 c3 34. g4 Nc4 35. Rc8 a5 36. Rd8+ Kc5 37. Rb8 Nb6 38. Bc2 Rd7 39. h4 h6 40. Re8 Nd5 41. g5 hxg5 42. hxg5 Nb4 43. Rc8+ Kd4 44. Bf5 Rd5 45. Kg4 Nd3 46. Bxd3 Kxd3 47. f4 c2 48. g6 Rd7 49. Kg5 Kd2 50. f5 Rd3 51. Rxc2+ Kxc2 52. f6 Kb3 53. f7 Rf3 54. g7 1-0

[Event "Manila ol (Men)"]
[Site "Manila PHI"]
[Date "1992.??.??"]
[Round "?"]
[White "Popchev, Milko"]
[Black "Bagirov, Vladimir K"]
[Result "1/2-1/2"]
[WhiteElo "2465"]
[BlackElo "2500"]
[PlyCount "91"]
[EventDate "1992.06.??"]
[Source "www.chesslib.no"]
[SourceDate "2004.05.04"]

1. d4 d5 2. c4 Bf5 3. cxd5 Bxb1 4. Qa4+ c6 5. Rxb1 Qxd5 6. Nf3 Nd7 7. Bd2 Nb6 8. Qa5 e6 9. e3 Nf6 10. Be2 Ne4 11. a3 Bd6 12. O-O O-O 13. Bb4 Rfd8 14. Rfc1 Bc7 15. Bc5 Qd7 16. Qe1 Nd5 17. Bb4 Nxb4 18. Qxb4 a5 19. Qe1 Nf6 20. Rc5 Qe7 21. Bf1 Nd7 22. Rc2 Bd6 23. g3 e5 24. e4 exd4 25. Nxd4 Ne5 26. Bg2 g6 27. Qc3 Qc7 28. Rd2 a4 29. Nf3 Nxf3+ 30. Bxf3 Be5 31. Rxd8+ Rxd8 32. Qc2 Rd4 33. Kg2 Qd6 34. Rd1 b5 35. Rxd4 Qxd4 36. b4 axb3 37. Qxb3 Qd2 38. Qd1 Qb2 39. Be2 Qxa3 40. f4 Bd6 41. e5 Be7 42. Qc2 Qe3 43. Qd3 Qa7 44. f5 Qc5 45. f6 Bf8 46. Qe4 1/2-1/2

[Event "Linares ESP"]
[Site "Linares ESP"]
[Date "1993.??.??"]
[Round "1"]
[White "Browne, Walter S"]
[Black "Hergott, Deen"]
[Result "1-0"]
[WhiteElo "2515"]
[BlackElo "2450"]
[PlyCount "77"]
[EventDate "1993.??.??"]
[Source "www.chesslib.no"]
[SourceDate "2004.05.04"]

1. d4 d5 2. c4 Bf5 3. cxd5 Bxb1 4. Qa4+ c6 5. dxc6 Nxc6 6. Rxb1 e5 7. Bd2 Qxd4 8. Qxd4 exd4 9. g3 Bc5 10. Nh3 Nf6 11. Bg2 Bb6 12. Nf4 O-O 13. Rc1 Rac8 14. Nd3 Rfe8 15. b4 h6 16. a4 a6 17. a5 Ba7 18. b5 axb5 19. a6 Ne5 20. Nxe5 Rxc1+ 21. Bxc1 Rxe5 22. Bf4 Re8 23. axb7 g5 24. Bc7 d3 25. Kd2 dxe2 26. Re1 b4 27. Rxe2 Rxe2+ 28. Kxe2 b3 29. Kd3 Nd7 30. Bc6 Nb8 31. Bb5 Kg7 32. f3 Kf6 33. Kc3 Ke6 34. Kxb3 Kd5 35. Kb4 f5 36. f4 Kd4 37. fxg5 hxg5 38. h4 f4 39. hxg5 1-0

[Event "RUS-Cup01 Chigorin mem"]
[Site "St Petersburg"]
[Date "1997.11.05"]
[Round "5"]
[White "Ivanov, Sergey"]
[Black "Skatchkov, Pavel"]
[Result "1-0"]
[WhiteElo "2530"]
[BlackElo "2435"]
[PlyCount "129"]
[EventDate "1997.11.01"]
[Source "www.chesslib.no"]
[SourceDate "2004.05.04"]

1. d4 d5 2. c4 Bf5 3. cxd5 Bxb1 4. Qa4+ c6 5. Rxb1 Qxd5 6. f3 e5 7. dxe5 Nd7 8. Bf4 Nc5 9. e4 Qd8 10. Qc4 Ne6 11. Bg3 Bc5 12. Nh3 b5 13. Qc3 a5 14. a3 b4 15. Qc4 bxa3 16. bxa3 Bxa3 17. Qxc6+ Kf8 18. Bc4 Ne7 19. Qa4 Bb4+ 20. Kf1 Rc8 21. Rd1 Qc7 22. Bxe6 fxe6 23. Qa2 Nc6 24. Ng5 Nd4 25. Nxe6+ Nxe6 26. Qxe6 Qc4+ 27. Qxc4 Rxc4 28. Rd8+ Kf7 29. Rxh8 Rc1+ 30. Ke2 Rxh1 31. f4 a4 32. f5 a3 33. Ra8 Rg1 34. e6+ Kf6 35. Bh4+ Ke5 36. Kf3 Rf1+ 37. Ke2 Rg1 38. Bf2 Rc1 39. Ra4 Rc2+ 40. Kf3 a2 41. e7 Bxe7 42. Bd4+ Kd6 43. Bxg7 Kd7 44. Bd4 Rd2 45. Ra7+ Kd6 46. Be5+ Kxe5 47. Rxe7+ Kf6 48. Ra7 Rb2 49. h4 h5 50. Ra5 Rc2 51. g4 hxg4+ 52. Kxg4 Re2 53. Kf4 Rf2+ 54. Ke3 Rh2 55. Ra6+ Kg7 56. e5 Rh3+ 57. Kf4 Rxh4+ 58. Kg5 Rh2 59. Ra7+ Kf8 60. e6 Kg8 61. Kg6 Kf8 62. f6 Rg2+ 63. Kh5 Kg8 64. Ra8+ Kh7 65. f7 1-0

[Event "Commonwealth Ch"]
[Site "Mumbai"]
[Date "2003.04.27"]
[Round "10"]
[White "Prakash, GB."]
[Black "Rausis, Igors"]
[Result "1/2-1/2"]
[WhiteElo "2431"]
[BlackElo "2533"]
[PlyCount "111"]
[EventDate "2003.04.20"]
[Source "Roberto Alvarez"]
[SourceDate "2003.04.28"]

1. d4 d5 2. c4 Bf5 3. cxd5 Bxb1 4. Qa4+ c6 5. dxc6 Nxc6 6. Rxb1 Qxd4 7. Qxd4 Nxd4 8. e3 Nc6 9. b4 e6 10. a3 Bd6 11. Nf3 Rc8 12. Bb2 Nf6 13. g3 Ke7 14. Bg2 Rhd8 15. Ke2 g6 16. Rhc1 a6 17. Bxf6+ Kxf6 18. Nd2 Ke7 19. Bxc6 Rxc6 20. Rxc6 bxc6 21. Nb3 Kd7 22. Rc1 Rb8 23. f4 h5 24. Kd3 f6 25. h3 Rg8 26. Na5 Rc8 27. g4 hxg4 28. hxg4 Be7 29. Nb3 Rh8 30. Nc5+ Bxc5 31. Rxc5 f5 32. gxf5 exf5 33. Ra5 Ra8 34. e4 fxe4+ 35. Kxe4 Kc7 36. Ke5 Re8+ 37. Kf6 Re4 38. Kg5 Kb6 39. Re5 Rd4 40. Re6 Rd3 41. Kxg6 Rg3+ 42. Kf7 Rxa3 43. f5 Rf3 44. Re5 Rf4 45. f6 Rxb4 46. Ke7 Rf4 47. f7 a5 48. f8=Q Rxf8 49. Kxf8 c5 50. Ke7 Kc6 51. Ke6 a4 52. Re4 Kb5 53. Kd5 a3 54. Re1 Kb4 55. Rb1+ Kc3 56. Kxc5 1/2-1/2

[Event "Lloyds Bank Open"]
[Site "London ENG"]
[Date "1994.??.??"]
[Round "6"]
[White "Savchenko, Stanislav"]
[Black "Lejlic, Samir"]
[Result "1-0"]
[WhiteElo "2540"]
[BlackElo "2420"]
[PlyCount "69"]
[EventDate "1994.08.??"]
[Source "www.chesslib.no"]
[SourceDate "2004.05.04"]

1. d4 d5 2. c4 Bf5 3. Nc3 e6 4. Nf3 Nc6 5. cxd5 exd5 6. a3 Nf6 7. Bg5 Be7 8. e3 O-O 9. Bd3 Bxd3 10. Qxd3 Ne8 11. Bf4 Na5 12. Nd2 Bg5 13. Bg3 f5 14. O-O a6 15. b4 Nc6 16. Nb3 Ne7 17. Nc5 Qc8 18. Rfc1 b6 19. Nb3 f4 20. exf4 Bxf4 21. Bxf4 Rxf4 22. Re1 Rf7 23. Nd2 c6 24. Na4 Rb8 25. Nf3 Ng6 26. Ne5 Nxe5 27. dxe5 Nc7 28. Rac1 Ne6 29. Qe3 c5 30. bxc5 bxc5 31. Nxc5 d4 32. Qg3 Nxc5 33. e6 Rc7 34. e7 Qe8 35. Qxc7 1-0

[Event "Buenos Aires ol (Men)"]
[Site "Buenos Aires ARG"]
[Date "1978.??.??"]
[Round "8"]
[White "Olafsson, Fridrik"]
[Black "Haik, Aldo"]
[Result "1/2-1/2"]
[WhiteElo "2530"]
[BlackElo "2425"]
[PlyCount "49"]
[EventDate "1978.10.25"]
[Source "www.chesslib.no"]
[SourceDate "2004.05.04"]

1. d4 d5 2. c4 Bf5 3. Nc3 e6 4. Nf3 Nc6 5. Bg5 Be7 6. Bxe7 Ngxe7 7. e3 O-O 8. Rc1 Bg4 9. cxd5 exd5 10. Be2 Qd6 11. O-O a6 12. Na4 Rae8 13. Nc5 Bc8 14. a3 Ng6 15. Qc2 f5 16. Rfd1 Rf6 17. b4 b6 18. Nxa6 f4 19. b5 fxe3 20. fxe3 Rxe3 21. Qxc6 Rxe2 22. Qxd6 Rxd6 23. Rxc7 Bd7 24. a4 Nf4 25. Rd2 1/2-1/2

[Event "Lvov"]
[Site "Lvov"]
[Date "1988.??.??"]
[Round "?"]
[White "Moskalenko, Viktor"]
[Black "Malaniuk, Vladimir P"]
[Result "1/2-1/2"]
[WhiteElo "2440"]
[BlackElo "2515"]
[PlyCount "46"]
[EventDate "1988.02.??"]
[Source "ChessBase"]

1. d4 d5 2. c4 Bf5 3. cxd5 Bxb1 4. Qa4+ c6 5. Rxb1 Qxd5 6. e3 Nd7 7. Bd2 Nb6 8. Qa5 e6 9. Nf3 Nf6 10. Bd3 Ne4 11. Qxd5 exd5 12. Bxe4 dxe4 13. Ng5 f5 14. g4 g6 15. f3 Be7 16. Ne6 Kf7 17. Nf4 Nd5 18. Nxd5 cxd5 19. fxe4 fxe4 20. Rc1 Rac8 21. O-O+ Ke6 22. Rxc8 Rxc8 23. Rc1 Rxc1+ 1/2-1/2

[Event "Lippstadt"]
[Site "Lippstadt"]
[Date "1994.??.??"]
[Round "7"]
[White "Boensch, Uwe"]
[Black "Panzer, Peter"]
[Result "1-0"]
[WhiteElo "2535"]
[BlackElo "2420"]
[PlyCount "97"]
[EventDate "1994.06.??"]
[Source "ChessBase"]

1. d4 d5 2. c4 Bf5 3. Nc3 e6 4. Nf3 Nc6 5. cxd5 exd5 6. Bf4 Nf6 7. e3 Bb4 8. Bb5 O-O 9. O-O Bxc3 10. bxc3 Ne4 11. Qc1 Na5 12. Ne1 c5 13. f3 Nd6 14. Bd3 Bxd3 15. Nxd3 cxd4 16. cxd4 Rc8 17. Qd2 Re8 18. Rfe1 Nac4 19. Qf2 Qa5 20. h4 Qc3 21. Rad1 b6 22. h5 f6 23. Bxd6 Nxd6 24. Nf4 Qc6 25. Re2 f5 26. Rde1 Re7 27. Qh4 Rce8 28. Qg5 Nc4 29. Kf2 Rf7 30. Rg1 h6 31. Qh4 Rfe7 32. Rge1 b5 33. Qg3 b4 34. Qg6 Qxg6 35. Nxg6 Rc7 36. Rc1 Rcc8 37. Nf4 Nb6 38. Rec2 Rc4 39. Nd3 a5 40. Ne5 Rxc2+ 41. Rxc2 Rb8 42. Nc6 Ra8 43. Rc5 Na4 44. Rxd5 Nc3 45. Rxf5 Nxa2 46. Rxa5 Rxa5 47. Nxa5 Nc1 48. Nc4 b3 49. Nb2 1-0

[Event "BL2-S 9293"]
[Site "GER"]
[Date "1992.??.??"]
[Round "?"]
[White "Spacek, Petr"]
[Black "Rausis, Igors"]
[Result "0-1"]
[WhiteElo "2390"]
[BlackElo "2565"]
[PlyCount "90"]
[EventDate "1992.10.??"]
[Source "www.chesslib.no"]
[SourceDate "2004.05.04"]

1. d4 d5 2. c4 Bf5 3. cxd5 Bxb1 4. Qa4+ c6 5. dxc6 Nxc6 6. Rxb1 e5 7. Bd2 Qxd4 8. Qxd4 exd4 9. Nf3 Nf6 10. g3 Bc5 11. Bg2 O-O 12. O-O Rfe8 13. b4 Bb6 14. b5 Ne7 15. a4 Ned5 16. a5 Bc5 17. Rfc1 Ne4 18. Kf1 b6 19. Ra1 Rad8 20. Be1 Ndc3 21. Bxc3 dxc3 22. e3 bxa5 23. Rc2 Nd2+ 24. Nxd2 cxd2 25. Ke2 Bb4 26. Kd1 Re5 27. Bc6 g5 28. Rc4 Kg7 29. Ke2 Rc5 30. Rxc5 Bxc5 31. Kd1 Bb4 32. h3 Rd3 33. Be4 Rc3 34. Bc2 Rc5 35. Bd3 a4 36. Bc2 a3 37. Bd3 h5 38. g4 h4 39. f4 Kf6 40. fxg5+ Kxg5 41. Bc2 Rxb5 42. Bb3 f6 43. Ra2 a5 44. Rc2 Re5 45. Ke2 Rxe3+ 0-1

[Event "Berliner Sommer"]
[Site "Berlin GER"]
[Date "1993.??.??"]
[Round "?"]
[White "Lagunow, Alexander"]
[Black "Bagirov, Vladimir K"]
[Result "1/2-1/2"]
[WhiteElo "2420"]
[BlackElo "2530"]
[PlyCount "35"]
[EventDate "1993.08.??"]
[Source "www.chesslib.no"]
[SourceDate "2004.05.04"]

1. d4 d5 2. c4 Bf5 3. cxd5 Bxb1 4. Qa4+ c6 5. Rxb1 Qxd5 6. Nf3 Nd7 7. a3 Ngf6 8. e3 Qe4 9. Ra1 e5 10. Be2 Nc5 11. Qd1 exd4 12. exd4 Ne6 13. O-O Bd6 14. Re1 Qd5 15. Ng5 O-O 16. Bf3 Qc4 17. Be2 Qd5 18. Bf3 1/2-1/2

[Event "Tungsram"]
[Site "Budapest"]
[Date "1977.??.??"]
[Round "?"]
[White "Lukacs, Peter"]
[Black "Vadasz, Laszlo"]
[Result "1-0"]
[WhiteElo "2450"]
[BlackElo "2495"]
[PlyCount "81"]
[EventDate "1977.08.??"]
[Source "ChessBase"]

1. d4 d5 2. c4 Bf5 3. Qb3 e5 4. cxd5 exd4 5. Nf3 Bc5 6. Nxd4 Bxd4 7. Qa4+ Nc6 8. dxc6 b5 9. Qxb5 Ne7 10. Nc3 O-O 11. e3 Rb8 12. Qc4 Be5 13. Be2 Rb6 14. O-O Rxc6 15. Qa4 Rg6 16. f4 Bxc3 17. bxc3 Nd5 18. Qd4 Qe7 19. Bf3 Nf6 20. Qxa7 Be4 21. Ba3 Bxf3 22. Rxf3 Qe4 23. Raf1 Ra8 24. Qc5 Qc2 25. R3f2 Qa4 26. Rb2 Nd7 27. Rfb1 Nxc5 28. Rb8+ Qe8 29. Rxe8+ Rxe8 30. Bxc5 Rc6 31. Rb5 f6 32. Kf2 Rd8 33. Ke2 Kf7 34. a4 Ra8 35. a5 Rd8 36. Bd4 Ke6 37. Kd3 Kf7 38. c4 g6 39. Kc3 Rd7 40. Rb8 g5 41. fxg5 1-0

[Event "Le Touquet Open"]
[Site "Le Touquet"]
[Date "1992.??.??"]
[Round "?"]
[White "Ward, Christopher"]
[Black "Rausis, Igors"]
[Result "0-1"]
[WhiteElo "2455"]
[BlackElo "2490"]
[PlyCount "34"]
[EventDate "1992.10.??"]
[Source "www.chesslib.no"]
[SourceDate "2004.05.04"]

1. d4 d5 2. c4 Bf5 3. Qb3 e5 4. cxd5 exd4 5. Nf3 Bc5 6. Nxd4 Bxd4 7. Qa4+ Nc6 8. dxc6 b5 9. Qxb5 Ne7 10. e3 Rb8 11. Qe2 O-O 12. Nc3 Nxc6 13. g4 Bxc3+ 14. bxc3 Be4 15. Rg1 Ne5 16. Bg2 Nd3+ 17. Kf1 Nxc1 0-1

[Event "Peer Gynt"]
[Site "Gausdal NOR"]
[Date "1989.??.??"]
[Round "?"]
[White "Farago, Ivan"]
[Black "Rausis, Igors"]
[Result "0-1"]
[WhiteElo "2495"]
[BlackElo "2450"]
[PlyCount "100"]
[EventDate "1989.07.??"]
[Source "www.chesslib.no"]
[SourceDate "2004.05.04"]

1. d4 d5 2. c4 Bf5 3. cxd5 Bxb1 4. Qa4+ c6 5. Rxb1 Qxd5 6. Nf3 Nd7 7. Bd2 Nb6 8. Qa5 e6 9. e3 Nf6 10. Bd3 Ne4 11. Bxe4 Qxe4 12. O-O Qd5 13. b4 Bd6 14. b5 Nc4 15. Qa4 Na3 16. e4 Qxe4 17. Rbe1 Qd5 18. bxc6 bxc6 19. Rc1 Qb5 20. Qb3 O-O 21. Ne5 Bxe5 22. dxe5 Rfd8 23. Qxa3 Rxd2 24. Qc3 Rxa2 25. Qxc6 Qxc6 26. Rxc6 g5 27. h3 Rd8 28. Rc3 Rd5 29. f4 gxf4 30. Rxf4 Rxe5 31. Rc8+ Kg7 32. Rc7 Rf5 33. Rxf5 exf5 34. Rc6 f6 35. Kf1 Kg6 36. Rc7 h6 37. Kg1 f4 38. Rc5 a5 39. Rb5 a4 40. Ra5 a3 41. Kh1 Ra1+ 42. Kh2 Ra2 43. Kg1 f5 44. Ra8 Kg5 45. Rg8+ Kh4 46. Rg6 Rb2 47. Rxh6+ Kg5 48. Ra6 a2 49. h4+ Kxh4 50. Kh2 f3 0-1

[Event "Ch"]
[Site "Yalta UKR"]
[Date "1982.??.??"]
[Round "?"]
[White "Shneider, Aleksandr"]
[Black "Malaniuk, Vladimir P"]
[Result "1/2-1/2"]
[WhiteElo "2460"]
[BlackElo "2485"]
[PlyCount "51"]
[EventDate "1982.??.??"]
[Source "www.chesslib.no"]
[SourceDate "2004.05.04"]

1. d4 d5 2. c4 Bf5 3. Nc3 e6 4. cxd5 exd5 5. Qb3 Nc6 6. Nf3 Nf6 7. Bg5 Na5 8. Qa4+ c6 9. e3 b5 10. Bxb5 cxb5 11. Qxb5+ Bd7 12. Bxf6 gxf6 13. Qxd5 Rb8 14. O-O Be7 15. Qh5 O-O 16. Nd5 Re8 17. Rfc1 Nc6 18. b3 Rc8 19. Nh4 Nb4 20. Nxb4 Bxb4 21. Nf5 Bf8 22. Nh6+ Bxh6 23. Qxh6 Bf5 24. Rxc8 Qxc8 25. Qxf6 Qc3 26. Qg5+ 1/2-1/2

[Event "Kuopio Open"]
[Site "Kuopio"]
[Date "1992.??.??"]
[Round "4"]
[White "Kuzmin, Gennadi P"]
[Black "Nei, Iivo"]
[Result "1-0"]
[WhiteElo "2535"]
[BlackElo "2410"]
[PlyCount "101"]
[EventDate "1992.07.??"]
[Source "www.chesslib.no"]
[SourceDate "2004.05.04"]

1. d4 d5 2. c4 Bf5 3. Nc3 e6 4. e3 c6 5. Nf3 Nd7 6. Bd3 Bxd3 7. Qxd3 Ngf6 8. O-O Be7 9. Rb1 a5 10. Rd1 O-O 11. e4 dxe4 12. Nxe4 Nxe4 13. Qxe4 Nf6 14. Qc2 Qc7 15. Bg5 Rfd8 16. Rd3 Ng4 17. Bxe7 Qxe7 18. Re1 Nf6 19. h3 Rd6 20. Rde3 Qc7 21. Re5 Rad8 22. Qc3 Ra8 23. Kf1 h6 24. Qa3 Rdd8 25. b3 Nd7 26. R5e3 Nf6 27. Qb2 Rd6 28. Re5 Rdd8 29. Qc3 Nd7 30. R5e2 Nf6 31. Kg1 Rd6 32. Rb1 Rdd8 33. Ne5 Qd6 34. Nf3 Qc7 35. Qe3 Qd6 36. Rd1 Qc7 37. Ne5 Rf8 38. Red2 Rad8 39. Rd3 Rfe8 40. Qe2 Nd7 41. Ng4 Nf8 42. Re3 Rd6 43. Rg3 Ng6 44. Ne5 Nxe5 45. Qxe5 g6 46. h4 Rd7 47. Qe3 Kh7 48. h5 g5 49. Qc3 b6 50. Rf3 Qd8 51. Qc2+ 1-0

[Event "Brno Morava-B"]
[Site "Brno"]
[Date "1991.??.??"]
[Round "11"]
[White "Hracek, Zbynek"]
[Black "Bagirov, Vladimir"]
[Result "1/2-1/2"]
[WhiteElo "2455"]
[BlackElo "2485"]
[PlyCount "24"]
[EventDate "1991.09.??"]
[Source "ChessBase"]

1. d4 d5 2. c4 Bf5 3. Qb3 e5 4. cxd5 exd4 5. Nf3 Bc5 6. Qc4 Nd7 7. Nxd4 Qh4 8. e3 Bxd4 9. Qxd4 Qxd4 10. exd4 Ngf6 11. Nc3 Nb6 12. d6 cxd6 1/2-1/2

[Event "Cappelle op 16th"]
[Site "Cappelle la Grande"]
[Date "2000.02.26"]
[Round "9"]
[White "Kruppa, Yuri"]
[Black "Eliet, Nicolas"]
[Result "1-0"]
[WhiteElo "2561"]
[BlackElo "2379"]
[PlyCount "107"]
[EventDate "2000.02.19"]
[Source "ChessBase"]
[SourceDate "2000.03.10"]

1. d4 d5 2. c4 Bf5 3. cxd5 Bxb1 4. Qa4+ c6 5. dxc6 Nxc6 6. Rxb1 e5 7. Bd2 Qxd4 8. Qxd4 exd4 9. g3 Bb4 10. Bg2 Bxd2+ 11. Kxd2 Nf6 12. Nh3 Rd8 13. Rhc1 Rd6 14. b4 a6 15. b5 Nd8 16. Nf4 O-O 17. bxa6 bxa6 18. Rc8 g5 19. Nd3 Ne6 20. Rbb8 Kg7 21. Rxf8 Nxf8 22. Rb7 N8d7 23. Rc7 Nd5 24. Bxd5 Rxd5 25. Nb4 Rb5 26. Nc2 Nf6 27. Nxd4 Rd5 28. e3 Ra5 29. Rc2 g4 30. Kd3 Rh5 31. e4 Rxh2 32. e5 Nd5 33. Ke4 Ne7 34. Nf5+ Nxf5 35. Kxf5 h5 36. Kg5 Kf8 37. Kf6 Ke8 38. Rb2 Rg2 39. a4 a5 40. Rb8+ Kd7 41. Rb2 h4 42. Kxf7 hxg3 43. e6+ Kd6 44. Rd2+ Kc5 45. e7 Rxf2+ 46. Kg6 Rxd2 47. e8=Q g2 48. Qe3+ Kc4 49. Qe4+ Kb3 50. Qxg4 Ra2 51. Kf5 Kc3 52. Ke5 Re2+ 53. Kd5 Kd2 54. Qd4+ 1-0

[Event "Untergrombach Open"]
[Site "Untergrombach"]
[Date "1995.??.??"]
[Round "?"]
[White "Barsov, Alexei"]
[Black "Rausis, Igors"]
[Result "1-0"]
[WhiteElo "2445"]
[BlackElo "2495"]
[PlyCount "96"]
[EventDate "1995.??.??"]
[Source "www.chesslib.no"]
[SourceDate "2004.05.04"]

1. d4 d5 2. c4 Bf5 3. cxd5 Bxb1 4. Qa4+ c6 5. Rxb1 Qxd5 6. f3 b5 7. e4 bxa4 8. exd5 cxd5 9. Bb5+ Nd7 10. Bc6 Rc8 11. Bxd5 Ngf6 12. Bb7 Rb8 13. Bc6 a3 14. b4 e6 15. b5 Nd5 16. Ne2 Nb4 17. Rb3 Kd8 18. Be4 Rxb5 19. Bxa3 Nc2+ 20. Bxc2 Rxb3 21. Bxb3 Bxa3 22. Kd2 Ke7 23. Kd3 Rd8 24. Kc2 Nb6 25. Rd1 a5 26. Nc3 Bb4 27. Na4 Nd5 28. Bxd5 Rxd5 29. Nc3 Rg5 30. Rd2 h5 31. Re2 h4 32. a4 Kd7 33. Kd3 Rf5 34. h3 Rg5 35. Ne4 Rd5 36. f4 Ke7 37. Rc2 Kd7 38. Ng5 Rf5 39. Ke3 Bd6 40. Rf2 f6 41. Ne4 Bb4 42. Rc2 g6 43. Rb2 Kc6 44. Rc2+ Kd7 45. Rb2 Ke7 46. Rc2 Bd6 47. Rf2 Kd7 48. Nc3 Bf8 1-0

[Event "Moscow RUS"]
[Site "?"]
[Date "2006.03.20"]
[Round "1.2"]
[White "Belov Vladimir"]
[Black "Paveliev Alexey"]
[Result "1-0"]
[WhiteElo "2608"]
[BlackElo "2332"]
[PlyCount "87"]
[EventDate "2006.??.??"]
[Source "www.chesslib.no"]
[SourceDate "2004.05.04"]

1. d4 d5 2. c4 Bf5 3. cxd5 Bxb1 4. Qa4+ Qd7 5. Qxd7+ Nxd7 6. Rxb1 Ngf6 7. a3 Nxd5 8. g3 e6 9. Bg2 c5 10. dxc5 Bxc5 11. Nh3 N7f6 12. Nf4 O-O 13. Bd2 Rad8 14. Nd3 Bd4 15. e3 Bb6 16. Ke2 Rfe8 17. Rhc1 e5 18. Nc5 Bxc5 19. Rxc5 e4 20. Rd1 Rc8 21. Rdc1 Rxc5 22. Rxc5 Kf8 23. Rc4 Re6 24. Rd4 Rb6 25. Bc1 Rc6 26. Kd2 Re6 27. b3 Re5 28. a4 Ke8 29. Bb2 Re6 30. Bf1 a6 31. g4 Re5 32. Rc4 Rg5 33. Be2 Nb6 34. Rb4 Nbd7 35. Rxb7 Nxg4 36. Bxa6 Nc5 37. Bb5+ Kd8 38. Rxf7 Nxh2 39. Bxg7 Nf3+ 40. Kc3 Rg2 41. b4 Nd3 42. Bxd3 exd3 43. Rxf3 Rxg7 44. Kxd3 1-0